Managerial accounting. -- 2nd ed. (Record no. 50050)

MARC details
000 -LEADER
fixed length control field 00740nam a2200193 a 4500
008 - FIXED-LENGTH DATA ELEMENTS--GENERAL INFORMATION
fixed length control field 080422s1978 ||||||||||||||||| || u
020 ## - INTERNATIONAL STANDARD BOOK NUMBER
International Standard Book Number 053400556X
050 ## - LIBRARY OF CONGRESS CALL NUMBER
Classification number HF 5635 Lou
100 ## - MAIN ENTRY--PERSONAL NAME
Personal name Louderback, Joseph G
245 10 - TITLE STATEMENT
Title Managerial accounting. -- 2nd ed.
Statement of responsibility, etc. Joseph G. Louderback; Geraldine F. Dominiak
250 ## - EDITION STATEMENT
Edition statement 2nd ed.
260 ## - PUBLICATION, DISTRIBUTION, ETC.
Place of publication, distribution, etc. California
Name of publisher, distributor, etc. Wadsworth Publishing Company
Date of publication, distribution, etc. 1978
300 ## - PHYSICAL DESCRIPTION
Extent xvi, 652p.: ill.
350 ## - PRICE (NR) (BK AM CF MU VM SE) [OBSOLETE]
Price 0.00
650 #0 - SUBJECT ADDED ENTRY--TOPICAL TERM
Topical term or geographic name entry element ACCOUNTING--HANDBOOKS, MANUALS, ETC
650 #0 - SUBJECT ADDED ENTRY--TOPICAL TERM
Topical term or geographic name entry element MANAGERIAL ACCOUNTING
700 ## - ADDED ENTRY--PERSONAL NAME
Personal name Dominiak, Geraldine F
995 ## - RECOMMENDATION 995 [LOCAL, UNIMARC FRANCE]
-- 0.00
-- CBU-MAIN LIBRARY (Kitwe)
-- 1
-- 0.00
-- 1
-- AVAILABLE
-- Apr 22, 2008
-- Main Library Open Access Collection
Holdings
Withdrawn status Lost status Source of classification or shelving scheme Damaged status Not for loan Home library Current library Shelving location Date acquired Total Checkouts Full call number Barcode Date last seen Price effective from Koha item type
          CBU-MAIN LIBRARY, KITWE. CBU-MAIN LIBRARY, KITWE.   11/30/2022   HF 5635 Lou 021227 11/30/2022 11/30/2022 MONOGRAPH